000 00264pam a2200133 a 4500
020 _c
041 _h
082 _a612.076
_bHSU
100 _aHsu, B. .
245 _aPhysiology /
_c
_hTextual Documents
300 _a249:
_c
930 _a6094
999 _c6093
_d6093